Acteurs et actrices des années 1960 par images #1 - Statistiques

Statistiques générales
  • Ce quiz a été pris 156 fois
  • Le résultat moyen est 11 sur 20
Statistiques - réponses
Par images Réponse % Correct
Louis de Funès
99%
Jean-Paul Belmondo
98%
Brigitte Bardot
95%
Alain Delon
93%
Catherine Deneuve
91%
Sean Connery
75%
Michel Piccoli
62%
Steve McQueen
60%
Sidney Poitier
59%
Sophia Loren
56%
Charlton Heston
55%
Paul Newman
53%
Claudia Cardinale
48%
Françoise Dorléac
39%
Ursula Andress
38%
Julie Andrews
35%
Peter Ustinov
34%
Tippi Hedren
24%
Anne Bancroft
13%
Julie Christie
10%
Aucun quiz correspondant
Distribution des résultats
% des personnes avec chaque résultat
Percentile par nombre de réponses
Votre historique - résultats
Vous n’avez pas pris ce quiz